000 00747nam a22002654a 4500
001 ESSALUD
007 ta
008 t2022 pe gr 00| 0 spa d
040 _aESSALUD
041 _aspa
043 _cpe
082 _a980.089
_bP25
100 _aParodi Buendía, Lorenzo Antonio
_eautor
245 _a¿Leyenda blanca o leyenda negra? Crónica sin filias ni fobias sobre lo que aconteció hace 500 años en América
250 _a1 ed.
260 _aLima :
_bGrafest,
_c2022
300 _a136 páginas
650 _aHISTORIA
_944
650 _aFACTORES SOCIOLÓGICOS
_943840
650 _aRACISMO
_952905
650 _aAMÉRICAS
_91997
650 _aPERÚ
_913
653 _aMESTIZAJE
942 _cBK
_e2026-06-26
_zAFC
999 _c22564
_d22564